000 00484nam a2200157Ia 4500
003 GCL
008 140319s9999 xx 000 0 ara d
040 _aGCL /
_cGCL
082 0 4 _a813.043
_bب ب
100 1 _aبرنارد شو
245 1 0 _aبيوت الارامل (كوميديا من ثلاثه فصول) /
_cبرنارد شو
490 _aمن الشرق والغرب
_v0
650 0 4 _aالمسرحيات
650 0 4 _aالمسرحيات الانجليزية
942 _2ddc
_cBK
999 _c41878
_d41878